[Event "AUTO-ADV-3003"]
[Site "http://www.queenalice.com/game.php?id=1231814"]
[Date "2013.11.12"]
[Round "1"]
[White "GMMarolideus"]
[Black "paulove"]
[Result "1-0"]
[WhiteElo "2176"]
[BlackElo "1868"]

1. e4 e5 2. Nf3 d6 3. d4 f6 4. dxe5 fxe5 5. Bc4 Bg4 6. Nc3 Nf6 7. Bf7+ Kxf7 8.
Nxe5+ Ke8 9. Nxg4 Nbd7 10. Nxf6+ Nxf6 11. Qd3 Nd7 12. Be3 Be7 13. O-O-O Kf7 14.
Nb5 a6 15. Qc4+ Kf8 16. Nxc7 Ne5 17. Ne6+ Ke8 18. Nxg7+ Kd7 19. Qc5 Qf8 20. Qxe5
Qf6 21. Rxd6+ Qxd6 22. Rd1 Rhe8 23. Nxe8 Rxe8 24. Rxd6+ Bxd6 25. Qf5+ Kc7 26.
Bf4 1-0

[Event "AUTO-ADV-3003"]
[Site "http://www.queenalice.com/game.php?id=1231815"]
[Date "2013.11.12"]
[Round "1"]
[White "paulove"]
[Black "betofortaleza"]
[Result "0-1"]
[WhiteElo "1848"]
[BlackElo "1837"]

1. Nf3 d6 2. g3 Bg4 3. Bg2 Nc6 4. c3 e6 5. d3 d5 6. O-O Nf6 7. Bg5 Be7 8. h3 Bf5
9. Nbd2 h6 10. Bxf6 Bxf6 11. e4 dxe4 12. Nxe4 Qd7 13. Nxf6+ gxf6 14. d4 O-O-O
15. Nh4 Bg6 16. Qa4 a6 17. Bxc6 Qxc6 18. Qxc6 bxc6 19. Rfe1 Rhe8 20. Re3 e5 21.
Rae1 c5 22. dxc5 Rd2 23. R1e2 Red8 24. f3 Rd1+ 25. Kf2 Bd3 26. Re1 Rd2+ 27. Kg1
Rxb2 28. Rd1 Bc4 29. Rxd8+ Kxd8 30. Nf5 Rxa2 31. Nxh6 a5 32. Nxf7+ Bxf7 33. g4
Ke7 34. h4 Kf8 35. h5 Kg7 36. Rd3 Rb2 37. Rd7 a4 38. Rxc7 a3 39. h6+ Kxh6 40.
Rxf7 a2 41. Rxf6+ Kg5 42. Ra6 Rb1+ 43. Kf2 a1=Q 44. Rxa1 Rxa1 45. Ke3 Ra5 0-1

[Event "AUTO-ADV-3003"]
[Site "http://www.queenalice.com/game.php?id=1231816"]
[Date "2013.11.12"]
[Round "1"]
[White "betofortaleza"]
[Black "paulove"]
[Result "0-1"]
[WhiteElo "1887"]
[BlackElo "1897"]

1. e4 e5 2. Bc4 Nc6 3. a3 d6 4. Nf3 h6 5. d3 Bg4 6. h3 Bh5 7. g4 Bg6 8. Nc3 a6
9. Be3 Be7 10. Qe2 Nf6 11. Qd2 O-O 12. O-O-O b5 13. Bb3 Na5 14. Bxh6 gxh6 15.
Qxh6 Nxb3+ 16. cxb3 c5 17. Nd5 Nxd5 18. h4 Re8 19. Ng5 Bf8 0-1

[Event "AUTO-OPEN-3372"]
[Site "http://www.queenalice.com/game.php?id=1319518"]
[Date "2014.10.31"]
[Round "1"]
[White "Wildhagen"]
[Black "paulove"]
[Result "1-0"]
[WhiteElo "1598"]
[BlackElo "1816"]

1. e4 e5 2. Nf3 Nc6 3. Bc4 h6 4. d4 d6 5. Bb5 Bd7 6. Bxc6 Bxc6 7. d5 Bb5 8. Nc3
Ba6 9. b4 b6 10. Nh4 Be7 11. Nf5 Bg5 12. b5 Bc8 13. Nxg7+ Kf8 14. Nh5 Bxc1 15.
Qxc1 Nf6 16. Qd1 Bd7 17. Qf3 Bg4 18. Qxf6 Qxf6 19. Nxf6 Bc8 20. O-O Ke7 21. Nh5
Bg4 22. Ng3 a5 23. h3 Bd7 24. Nce2 Bxb5 25. Nf5+ Kd7 26. Rfe1 Bxe2 27. Rxe2 1-0

[Event "AUTO-OPEN-3372"]
[Site "http://www.queenalice.com/game.php?id=1319519"]
[Date "2014.10.31"]
[Round "1"]
[White "paulove"]
[Black "Wildhagen"]
[Result "0-1"]
[WhiteElo "1791"]
[BlackElo "1623"]

1. e4 d6 2. Nf3 Nf6 3. e5 dxe5 4. Nxe5 e6 5. Nc3 Bd6 6. Nf3 Nc6 7. Bb5 a6 8.
Bxc6+ bxc6 9. d3 Bb4 10. Bd2 Ng4 11. h3 Nf6 12. O-O O-O 13. Ne4 Bd6 14. Bg5 e5
15. Bxf6 gxf6 16. c3 f5 17. Ned2 e4 18. dxe4 c5 19. e5 Be7 20. Nc4 Qe8 21. Ne3
Qc6 22. Qd5 Bb7 23. Qxc6 Bxc6 24. Nxf5 Bd8 25. N3h4 Be4 0-1

[Event "AUTO-OPEN-3372"]
[Site "http://www.queenalice.com/game.php?id=1319541"]
[Date "2014.10.31"]
[Round "1"]
[White "paulove"]
[Black "NPSchanIsaac"]
[Result "0-1"]
[WhiteElo "1768"]
[BlackElo "1212"]

1. e4 d5 2. exd5 Qxd5 3. Nc3 Qd7 4. Nf3 Nc6 5. Be2 Qg4 6. O-O e5 7. Nxe5 Nxe5 8.
Bxg4 Bxg4 9. f3 Be6 10. d4 Nd7 11. Ne4 O-O-O 0-1

[Event "AUTO-OPEN-3372"]
[Site "http://www.queenalice.com/game.php?id=1319552"]
[Date "2014.10.31"]
[Round "1"]
[White "leduar"]
[Black "paulove"]
[Result "1-0"]
[WhiteElo "2159"]
[BlackElo "1821"]

1. e4 e5 2. Nf3 d6 3. d4 exd4 4. Nxd4 Nf6 5. Nc3 Be6 6. Bg5 Be7 7. Nxe6 fxe6 8.
Bc4 Nbd7 9. Bxe6 Nf8 10. Bh3 N8d7 11. O-O O-O 12. Be6+ Kh8 13. f4 Ne8 14. Bxe7
Qxe7 15. f5 Ndf6 16. Nd5 Nxe4 17. Nxe7 N8f6 18. Nd5 c6 19. Nxf6 Nxf6 20. Qxd6
Rad8 21. Qe7 Rb8 22. Rad1 Rfe8 23. Qc7 Nd5 24. Bxd5 cxd5 25. Rxd5 Rec8 26. Rfd1
Rxc7 27. Rd8+ 1-0

[Event "AUTO-OPEN-3372"]
[Site "http://www.queenalice.com/game.php?id=1319553"]
[Date "2014.10.31"]
[Round "1"]
[White "paulove"]
[Black "leduar"]
[Result "0-1"]
[WhiteElo "1819"]
[BlackElo "2148"]

1. e4 e5 2. Bc4 Bc5 3. Nc3 Nf6 4. Nf3 d6 5. h3 Nc6 6. d3 Na5 7. Bb5+ c6 8. Ba4
b5 9. Bb3 Nxb3 10. axb3 O-O 11. O-O a5 12. Bg5 h6 13. Bh4 g5 14. Bg3 Qe7 15. Ne2
g4 16. hxg4 Bxg4 17. c3 Bb6 18. Nh2 Bxe2 19. Qxe2 Kh7 20. c4 Rg8 21. Kh1 Rg7 22.
Bh4 Rag8 23. Qf3 Rg6 24. Qf5 Qe6 25. Qxe6 fxe6 26. Bxf6 Rxf6 27. f3 Rfg6 28. g4
Be3 29. Rae1 Bf4 0-1

[Event "Challenge"]
[Site "http://www.queenalice.com/game.php?id=1459949"]
[Date "2017.1.17"]
[Round "-"]
[White "paulove"]
[Black "dmbenati"]
[Result "1-0"]
[WhiteElo "1708"]
[BlackElo "1644"]

1. e4 e5 2. Bb5 c6 3. Ba4 d5 4. f3 dxe4 5. Nc3 exf3 6. Nxf3 Qe7 7. O-O Qe6 8.
Bb3 Qd6 9. Nxe5 Be6 10. d4 Bxb3 11. axb3 f6 12. Qh5+ g6 13. Nxg6 Qxd4+ 14. Kh1
Na6 15. Nxh8+ Ke7 16. Re1+ Kd7 17. Rd1 Qxd1+ 18. Qxd1+ Bd6 19. Bf4 1-0

[Event "AUTO-ADV-3767"]
[Site "http://www.queenalice.com/game.php?id=1460210"]
[Date "2017.1.19"]
[Round "1"]
[White "paulove"]
[Black "ValensKaiser"]
[Result "0-1"]
[WhiteElo "1687"]
[BlackElo "1948"]

1. Nf3 c5 2. g3 b6 3. Bg2 Bb7 4. O-O g6 5. d4 cxd4 6. Qxd4 Nf6 7. c3 Bg7 8. Qf4
O-O 9. Nd4 Bxg2 10. Kxg2 Re8 11. Qf3 d5 12. Bd2 e5 13. Nb3 e4 14. Qf4 Nc6 15. e3
Ne5 16. Na3 Nfg4 17. h3 Bh6 18. hxg4 Bxf4 19. gxf4 Nxg4 20. Rh1 Rc8 21. Nd4 Qe7
22. b4 Nf6 23. Nab5 a6 24. Na3 Qd7 0-1

[Event "AUTO-ADV-3767"]
[Site "http://www.queenalice.com/game.php?id=1460211"]
[Date "2017.1.19"]
[Round "1"]
[White "ValensKaiser"]
[Black "paulove"]
[Result "1-0"]
[WhiteElo "1912"]
[BlackElo "1721"]

1. d4 d5 2. c4 e6 3. Nc3 Nf6 4. cxd5 Nxd5 5. e4 Nxc3 6. bxc3 Be7 7. Bf4 Bd6 8.
e5 Be7 9. Qg4 g6 10. Nf3 Nd7 11. Bd3 Nf8 12. O-O h5 13. Qg3 b6 14. Be4 Rb8 15.
c4 Bb7 16. Bxb7 Rxb7 17. Bg5 Bxg5 18. Nxg5 c6 19. Ne4 h4 20. Qf3 Rc7 21. Nd6+
Qxd6 22. exd6 Rc8 23. Qf6 1-0

[Event "AUTO-ADV-3767"]
[Site "http://www.queenalice.com/game.php?id=1460212"]
[Date "2017.1.19"]
[Round "1"]
[White "paulove"]
[Black "Mikalus"]
[Result "0-1"]
[WhiteElo "1711"]
[BlackElo "1871"]

1. e4 c5 2. Nc3 Nc6 3. Nf3 e6 4. Bb5 a6 5. Bxc6 bxc6 6. O-O g6 7. Ne2 Bg7 8. e5
Ne7 9. Nc3 O-O 10. Ne4 Qb6 11. c4 Bb7 12. b3 Nf5 13. Bb2 Nd4 14. d3 f5 15. exf6
Bxf6 16. Nxf6+ Rxf6 17. Ne5 Qc7 18. Nf3 Nxf3+ 19. gxf3 Rf7 20. Qe2 Raf8 21. Be5
d6 22. Bg3 Rxf3 23. Qxe6+ Qf7 0-1

[Event "AUTO-ADV-3767"]
[Site "http://www.queenalice.com/game.php?id=1460213"]
[Date "2017.1.19"]
[Round "1"]
[White "Mikalus"]
[Black "paulove"]
[Result "1-0"]
[WhiteElo "1861"]
[BlackElo "1721"]

1. e4 c6 2. Nf3 e6 3. Nc3 Bb4 4. a3 Bxc3 5. dxc3 d5 6. Be2 Nd7 7. exd5 cxd5 8.
O-O Ngf6 9. Bg5 Qb6 10. b4 Ne4 11. Qd4 f6 12. Be3 Qxd4 13. cxd4 b6 14. Nd2 Nxd2
15. Bxd2 a5 16. c3 Ba6 17. b5 Bc8 18. a4 Kf7 19. Rfc1 f5 20. Bf3 Nf6 21. Be2 Bd7
22. Bf3 h6 23. c4 Ne4 24. Be3 Rac8 25. c5 1-0